| 000 | 01429nam0a2200349 4500 | ||
|---|---|---|---|
| 001 | RU\NLR\BIBL_A\022099816 | ||
| 005 | 20250625121250.0 | ||
| 010 |
_a978-5-6049786-3-4 _9500 |
||
| 035 | _a(RuMoRGB)012355303 | ||
| 035 | _a(NLR Aleph) 022099816 | ||
| 090 |
_a12742953 _c12742953 |
||
| 100 | _a20231220d2024 |||y0rusy50 ca | ||
| 101 | 0 | _arus | |
| 102 | _aRU | ||
| 105 | _ay z 000yy | ||
| 181 | 0 |
_ai _baxxe |
|
| 182 | 0 | _an | |
| 200 | 1 |
_aНезавершённый нацизм _eгенезис, трансформации и родственные явления _fАлександр Щипков |
|
| 203 |
_aТекст _bвизуальный _cнепосредственный |
||
| 210 |
_aМосква _cРоссийский православный университет _d2024 (печ. 2023) |
||
| 215 |
_a130, [3] с. _d22 |
||
| 300 | _aВ конце кн. авт.: Александр Щипков, проф., д-р полит. наук, канд. филос. наук | ||
| 320 | _aБиблиогр. в подстроч. примеч. | ||
| 320 | _aДр. кн. авт. в конце кн. | ||
| 606 | 1 |
_aНационализм _xИстория _92327915 _3RU\NLR\AUTH\661392255 |
|
| 675 |
_a323.12 _v4 |
||
| 686 | 1 | _aТ3(0)63-49 | |
| 700 | 1 |
_aЩипков _bА. В. _f1957- _gАлександр Владимирович |
|
| 942 | _cBOOK | ||
| 980 | _aNB | ||